| Tag |
First Indicator |
Second Indicator |
Subfields |
| LEADER |
00000cam a2200000 a 4500 |
| 001 |
in00000019757 |
| 005 |
20151007053721.0 |
| 008 |
851118s1983 ne ab b 00000 eng d |
| 035 |
|
|
|a (OCoLC)12815244
|
| 035 |
|
|
|9 AAB2582AM
|
| 040 |
|
|
|a EEM
|c EEM
|d m/c
|d TXA
|d UtOrBLW
|
| 043 |
|
|
|a f-rw---
|
| 049 |
|
|
|a TXAM
|c [A11072180]
|
| 050 |
|
4 |
|a S542.R95
|b A34 1983
|
| 245 |
0 |
0 |
|a Agricultural research in Rwanda :
|b assessment and perspectives : report of a seminar, Kigali, Rwanda, February 5-12, 1983.
|
| 264 |
|
1 |
|a The Hague, Netherlands :
|b ISNAR,
|c [1983]
|
| 300 |
|
|
|a 235 pages :
|b illustrations, map ;
|c 30 cm.
|
| 336 |
|
|
|a text
|b txt
|2 rdacontent
|
| 337 |
|
|
|a unmediated
|b n
|2 rdamedia
|
| 338 |
|
|
|a volume
|b nc
|2 rdacarrier
|
| 500 |
|
|
|a "Published for the Government of the Republic of Rwanda".
|
| 500 |
|
|
|a "September 1983."
|
| 504 |
|
|
|a Includes bibliographies.
|
| 650 |
|
0 |
|a Agriculture
|x Research
|z Rwanda.
|
| 710 |
2 |
|
|a International Service for National Agricultural Research.
|
| 999 |
|
|
|a MARS
|
| 999 |
f |
f |
|s 41af5127-4b54-3e32-a4e1-01f871f9d86a
|i 1b63562c-9cce-3aae-829e-49de544a7ca2
|t 0
|
| 952 |
f |
f |
|p ric
|a Texas A&M University
|b Rellis Campus
|c Joint Library Facility
|d Remote Storage
|t 0
|e S542.R95 A34 1983
|h Library of Congress classification
|i unmediated -- volume
|m A14811072180
|
| 998 |
f |
f |
|a S542.R95 A34 1983
|t 0
|l Remote Storage
|